Chương trình đào tạo liên thông ngành giáo dục tiểu học từ trình độ Trung học lên trình độ Cao đẳng /

Na minha lista:
Detalhes bibliográficos
Formato: Artigo
Idioma:Vietnamese
Assuntos:
Tags: Adicionar Tag
Sem tags, seja o primeiro a adicionar uma tag!
Thư viện lưu trữ: Thư viện Trường Đại học Đà Lạt
LEADER 00850nam a2200289 4500
001 DLU060053794
040 # # |a DLU  |b vie 
041 # # |a vie 
044 # # |a vn 
245 # # |a Chương trình đào tạo liên thông ngành giáo dục tiểu học từ trình độ Trung học lên trình độ Cao đẳng / 
653 # # |a Chươngtrình đào tạo 
653 # # |a Giáo dục tiểu học 
653 # # |a Liên thông ngành 
653 # # |a Phươngpháp giáo dục 
773 # # |t Giáo dục  |g Số 105, 2005, tr.18 - 21 
920 # # |a Phòng Tạp chí -- Trung tâm Thông tin - Thư viện Trường Đại học Đà Lạt 
933 # # |a SP 
994 # # |a DLU 
900 # # |a True 
911 # # |a Nguyễn Thị Yên 
925 # # |a G 
926 # # |a A 
927 # # |a BB 
980 # # |a Thư viện Trường Đại học Đà Lạt